Corba developer's guide with XML (Record no. 139012)

000 -LEADER
fixed length control field 00265nmm a2200097Ia 4500
008 - FIXED-LENGTH DATA ELEMENTS--GENERAL INFORMATION
fixed length control field 220120s9999||||xx |||||||||||||||||und||
082 ## - DEWEY DECIMAL CLASSIFICATION NUMBER
Classification number 00 5.133 DOS
100 ## - MAIN ENTRY--PERSONAL NAME
Personal name Doss, George, M
9 (RLIN) 2826
245 #0 - TITLE STATEMENT
Title Corba developer's guide with XML
260 ## - PUBLICATION, DISTRIBUTION, ETC.
Place of publication, distribution, etc. BPB publications
Date of publication, distribution, etc. 2000
Holdings
Withdrawn status Lost status Damaged status Not for loan Home library Current library Date acquired Barcode Date last seen Price effective from Koha item type
        Central Library Central Library 01/20/2022 CD563 01/20/2022 01/20/2022 Compact Disc

Powered by Koha